Statistics for Guess the Director (Insanely Hard)

Click here to take the quiz!

General Stats

  • This quiz has been taken 47 times
    (32 since last reset)
  • The average score is 40 of 99

Answer Stats

MoviesDirector% Correct
Pulp Fiction, Inglorious BasterdsQuentin Tarantino
96%
2001: A Space Odyssey, The ShiningStanley Kubrick
96%
Vertigo, Rear WindowAlfred Hitchcock
91%
The Godfather, Apocalypse NowFrancis Ford Coppola
87%
Citizen Kane, The Third ManOrson Welles
87%
Lost In Translation, The Virgin SuicidesSofia Coppola
87%
Mulholland Drive, EraserheadDavid Lynch
83%
Pan's Labyrinth, The Devil's BackboneGuillermo Del toro
78%
Blade Runner, AlienRidley scott
78%
The Good, the Bad and the Ugly, Once Upon a Time in the WestSergio Leone
78%
Do the Right Thing, Malcolm XSpike Lee
78%
Parasite, Memories of MurderBong Joon-ho
74%
City Lights, The Great DictatorCharlie Chaplin
74%
Rosemary's Baby, ChinatownRoman Polanski
74%
Dune, Blade Runner 2049Denis Villeneuve
70%
Her, Being John MalkovichSpike Jonze
70%
Seven Samurai, High and LowAkira Kurosawa
65%
Sunset Boulevard, The ApartementBilly Wilder
65%
Shaun of the Dead, Baby driverEdgar Wright
65%
La Dolce Vita, AmarcordFederico Fellini
65%
Jaws, Schindler's ListSteven Spielberg
65%
Fargo, No Country for Old MenCoen
61%
The Seventh Seal, PersonaIngmar Bergman
61%
The Tree of Life, The Thin Red LineTerrence Malick
61%
Fantastic Mr.Fox, The Grand Budapest HotelWes Anderson
61%
Manhattan, Annie HallWoody Allen
61%
Scarface, Blow OutBrian De Palma
57%
Trainspotting, Slumdog MillionaireDanny Boyle
57%
Black Swan, Requiem for a DreamDarren Aronofsky
57%
Antichrist, Dancer in the DarkLars von Trier
57%
Hunger, 12 Years a SlaveSteve McQueen
57%
Children of Men, GravityAlfonso Cuaron
52%
The Fly, VideodromeDavid Cronenberg
52%
The 400 Blows, Day for NightFrancois Truffaut
52%
A Pigeon Sat on a Branch Reflecting on Existence,
Songs form a Second Floor
Roy Andersson
52%
Stalker, MirrorAndrei Tarkovsky
48%
Brokeback Mountain, Life of PiAng Lee
48%
Spirited Away, My Neighbor TotoroHayao Miyazaki
48%
Breathless, Vivre Sa VieJean-Luc Godard
48%
One Flew Over the Cuckoo's NestMilos Forman
48%
Before Sunrise, SunsetRichard Linklater
48%
Monty Python and the Holy Grail, Twelve MonkeysTerry Gilliam
48%
Paris Texas, The American FriendWim Wenders
48%
Elephant, My Own Private IdahoGus van Sant
43%
Forrest Gump, Back to the FutureRobert Zemeckis
43%
Aguirre the Wrath of God, Nosferatu the VampyreWerner Herzog
43%
Birdman, BabelAlejandro Gonzalez Inarritu
39%
Lawrence of Arabia, The Bridge on the River KwaiDavid Lean
39%
The Discreet Charm of the Bourgeoisie, Belle de JourLuis Bunuel
39%
In the Mood for Love, Chungking ExpressWong Kar-wai
39%
Tokyo Story, Good MorningYasujiro Ozu
39%
Funny Games, The Piano TeacherMichael Haneke
35%
Marriage Story, Frances HaNoah Baumbach
35%
Mommy, Laurence AnywaysXavier Dolan
35%
Cleo form 5 to 7, VagabondAgnes Varda
30%
Hiroshima Mon Amour, Night and FogAlain Resnais
30%
Playtime, Mon OncleJacques Tati
30%
Le Samourai, Army of ShadowsJean-Pierre Melville
30%
Woman on the Verge of a Nervous Breakdown, Pain and GloryPedro Almodovar
30%
Satantango, DamnationBela Tarr
26%
The Conformist, The Last EmperorBernardo Bertolucci
26%
Yi Yi, A Brighter Summer DayEdward Yang
26%
On the Waterfront, East of EdenElia Kazan
26%
Enter the Void, IrreversibleGaspar Noe
26%
Taxi Driver, GoodFellasMartin Scorcese
26%
L'avventura, Blow-UpMichalangelo Antonioni
26%
Beau Travail, High LifeClaire Denis
22%
A Prophet, DheepanJacques Audiard
22%
The Umbrellas of Cherbourg, The Young Girls of RochefortJacques Demy
22%
The Double Life of Veronique, DekalogKrzysztof Kieslowski
22%
A Man Escaped, PickpocketRobert Bresson
22%
Perfect Blue, PaprikaSatoshi Kon
22%
The Lobster, The FavouriteYorgos Lanthimos
22%
Taste of Cherry, Close-UpAbbas Kiarostami
17%
Dead Man, Down by LawJim Jarmusch
17%
A Woman Under the Influence, The Killing if a Chinese BookieJohn Cassavetes
17%
I, Daniel Blake, KesKen Loach
17%
Mishima: A Life in four Chapters, First ReformedPaul Schrader
17%
The Child, RosettaDardenne
13%
My Night at Maud's, Claire's KneeEric Rohmer
13%
Pink Flamingos, Female TroubleJohn Waters
13%
Harakiri, The Human ConditionMasaki Kobayashi
13%
The Player, NashvilleRobert Altman
13%
Battleship Potemkin, Ivan the TerribleSergei Eisenstein
13%
His Girl Friday, The Big SleepHoward Hawks
9%
My Dinner with Andre, Elevator to the GallowsLouis Malle
9%
My Dinner with Andre, Elevator to the GallowsLouis Malle
9%
The Leopard, Rocco and his BrothersLuchino Visconti
9%
The Red Shoes, The Life and Death of Colonel BlimpMichael Powell
9%
Soy Cuba, The Cranes Are FlyingMikhail Kalatozov
9%
World on a Wire, The Marriage of Maria BraunRainer Werner Fassbinder
9%
Rome Open city, Germany Year ZeroRoberto Rossellini
9%
The Square, TuristRuben Ostlund
9%
Jeanne Dielman, 23, Quai du Commerce 1080 Bruxelles,
News from home
Chantal Akerman
4%
La Ceremonie, The ButcherClaude Chabrol
4%
Being There, Harold and MaudeHal Ashby
4%
Naked, MeantimeMike Leigh
4%
4 Months, 3 Weeks and 2 days, Beyond the HillCristian Mungiu
0%
Landscape in the Mist, Eternity and a DayTheo Angelopoulos
0%

Score Distribution

Percentile by Number Answered

Percent of People with Each Score

Your Score History

You have not taken this quiz since the last reset